খানবাহাদুর আহ্ছানউল্লাহর অধ্যাত্মবাদ ও মানবকল্যাণে অবদান / (Record no. 74693)
[ view plain ]
| 000 -LEADER | |
|---|---|
| fixed length control field | 01236nam a2200253 a 4500 |
| 001 - CONTROL NUMBER | |
| control field | 74693 |
| 003 - CONTROL NUMBER IDENTIFIER | |
| rucl marc code | BD-RjUL |
| 005 - DATE AND TIME OF LATEST TRANSACTION | |
| control field | 20211209082605.0 |
| 008 - FIXED-LENGTH DATA ELEMENTS--GENERAL INFORMATION | |
| fixed length control field | 181120s2018 bg ||||| b || 00| 0 ben d |
| 020 ## - INTERNATIONAL STANDARD BOOK NUMBER | |
| International Standard Book Number | 9789842101489 |
| 035 ## - SYSTEM CONTROL NUMBER | |
| System control number | (BD-RjUL)74911 |
| 040 ## - CATALOGING SOURCE | |
| Original cataloging agency | BD-RjUL |
| Language of cataloging | ben |
| Transcribing agency | BD-RjUL |
| Modifying agency | BD-RjUL |
| 041 ## - LANGUAGE CODE | |
| Language code of text/sound track or separate title | ben |
| 082 ## - DEWEY DECIMAL CLASSIFICATION NUMBER | |
| Edition number | 21 |
| Classification number | 181.07092 |
| Author mark and year | HOK 2018 |
| 100 ## - MAIN ENTRY--PERSONAL NAME | |
| Personal name | হোসেন, মো. একরাম |
| 9 (RLIN) | 74802 |
| 245 ## - TITLE STATEMENT | |
| Title | খানবাহাদুর আহ্ছানউল্লাহর অধ্যাত্মবাদ ও মানবকল্যাণে অবদান / |
| Statement of responsibility, etc. | মো. একরাম হোসেন |
| 260 ## - PUBLICATION, DISTRIBUTION, ETC. (IMPRINT) | |
| Place of publication, distribution, etc. | ঢাকা : |
| Name of publisher, distributor, etc. | গ্রন্থ কুটির, |
| Date of publication, distribution, etc. | ২০১৮ |
| 300 ## - PHYSICAL DESCRIPTION | |
| Pagination | ৩০৩ পাতা ; |
| Size | ২২ সেসি. |
| 504 ## - BIBLIOGRAPHY, ETC. NOTE | |
| Bibliography, etc | গ্রন্থপঞ্জি আছে। |
| 600 ## - SUBJECT ADDED ENTRY--PERSONAL NAME | |
| Personal name | আহ্ছানউল্লাহ |
| Titles and other words associated with a name | খানবাহাদুর |
| Dates associated with a name | ১৮৭৩-১৯৬৫ |
| General subdivision | জীবনী |
| Geographic subdivision | বাংলাদেশ |
| 650 ## - SUBJECT ADDED ENTRY--TOPICAL TERM | |
| Topical term or geographic name as entry element | ইসলামিক দার্শনিক |
| Form subdivision | জীবনী |
| Geographic subdivision | বাংলাদেশ |
| 9 (RLIN) | 108571 |
| Topical term or geographic name as entry element | শিক্ষাবিদ |
| Form subdivision | জীবনী |
| Geographic subdivision | বাংলাদেশ |
| 9 (RLIN) | 108602 |
| 942 ## - ADDED ENTRY ELEMENTS (KOHA) | |
| Source of classification or shelving scheme | Dewey Decimal Classification |
| Koha item type | Books |
| Lost status | Source of classification or shelving scheme | Damaged status | Not for loan | Collection code | Permanent Location | Current Location | Shelving location | Date acquired | Source of acquisition | Cost, normal purchase price | Total Checkouts | Full call number | Date last seen | Copy number | Koha item type |
|---|---|---|---|---|---|---|---|---|---|---|---|---|---|---|---|
| Dewey Decimal Classification | Not For Loan | Non-fiction | Central Library, University of Rajshahi | Central Library, University of Rajshahi | Reading Room | 04/10/2018 | Author | 475.00 | B 181.07092 HOK 2018 | 20/11/2018 | C-1 | Books | |||
| Dewey Decimal Classification | Non-fiction | Central Library, University of Rajshahi | Central Library, University of Rajshahi | 04/10/2018 | Author | 475.00 | B 181.07092 HOK 2018 | 20/11/2018 | C-2 | Books |